| 000 | 00344nam a22001457a 4500 | ||
|---|---|---|---|
| 008 | 221107b ||||| |||| 00| 0 eng d | ||
| 020 | _a2740185354496 | ||
| 041 | _aeng | ||
| 080 |
_2THIRD EDITION _a615 |
||
| 082 | _a615CAR | ||
| 100 | _a13 | ||
| 101 | _aFARM | ||
| 245 |
_aFINANCIAL MANAGEMENT FOR PHARMACISTS _cCARROLL N |
||
| 942 |
_2udc _cBK |
||
| 999 |
_c58763 _d58763 |
||